| 000 | 00574nam a2200217Ia 4500 | ||
|---|---|---|---|
| 008 | 220216s9999 xx 000 0 und d | ||
| 100 | _aChaudhuri P.S. | ||
| 245 | 0 | _aBiodiversity of earthwoarms in the soils under rubber plantations in Tripura | |
| 260 |
_bNatural Rubber Research _c2008 |
||
| 300 | _a119-124 | ||
| 650 | _aBiodiversity | ||
| 650 | _aEarthworms | ||
| 650 | _aMicroarthropods | ||
| 650 | _aMonoculture | ||
| 650 | _aNematodes | ||
| 650 | _aRubber | ||
| 700 | _aBhattacharjee S. | ||
| 700 | _aChakraborti P. | ||
| 700 | _aNath S. | ||
| 942 | _cJS | ||
| 999 |
_c54765 _d54765 |
||